000 00208nam a2200085Ia 4500
008 120527s9999 xx 000 0 und d
100 _aHalcogon, G.
245 _aProfiting from financial statements
942 _cBK
999 _c27225
_d27225